Environmental statistics : Methods and applications
In modern society, we are ever more aware of the environmental issues we face, whether these relate to global warming, depletion of rivers and oceans, despoliation of forests, pollution of land, poor air quality, environmental health issues, etc. At the most fundamental level it is necessary to moni...
সংরক্ষণ করুন:
| প্রধান লেখক: | |
|---|---|
| বিন্যাস: | গ্রন্থ |
| ভাষা: | Undetermined |
| প্রকাশিত: |
Chichester, West Sussex, England
Wiley
2004
|
| বিষয়গুলি: | |
| ট্যাগগুলো: |
ট্যাগ যুক্ত করুন
কোনো ট্যাগ নেই, প্রথমজন হিসাবে ট্যাগ করুন!
|
| Thư viện lưu trữ: | Trung tâm Học liệu Trường Đại học Cần Thơ |
|---|
| LEADER | 01265nam a2200217Ia 4500 | ||
|---|---|---|---|
| 001 | CTU_141767 | ||
| 008 | 210402s9999 xx 000 0 und d | ||
| 082 | |a 519.5 | ||
| 082 | |b B259 | ||
| 100 | |a Barnett, Vic | ||
| 245 | 0 | |a Environmental statistics : | |
| 245 | 0 | |b Methods and applications | |
| 245 | 0 | |c Vic Barnett | |
| 260 | |a Chichester, West Sussex, England | ||
| 260 | |b Wiley | ||
| 260 | |c 2004 | ||
| 520 | |a In modern society, we are ever more aware of the environmental issues we face, whether these relate to global warming, depletion of rivers and oceans, despoliation of forests, pollution of land, poor air quality, environmental health issues, etc. At the most fundamental level it is necessary to monitor what is happening in the environment – collecting data to describe the changing scene. More importantly, it is crucial to formally describe the environment with sound and validated models, and to analyse and interpret the data we obtain in order to take action. | ||
| 650 | |a Toán học thống kê,Khoa học môi trường,Mathematical statistics,Environmental sciences | ||
| 650 | |x Phương pháp thống kê,Statistical methods | ||
| 904 | |i Trọng Hải | ||
| 980 | |a Trung tâm Học liệu Trường Đại học Cần Thơ | ||